All Skylander Catchphrases - Statistics

General Stats
  • This quiz has been taken 113 times
    112 since last reset
  • The average score is 33 of 153
Answer Stats
Hint Answer % Correct
Spyro All Fired Up
81%
Gill Grunt Fear the Fish
51%
Trigger Happy No Gold, No Glory
50%
Stealth Elf Silent But Deadly
49%
Eye Brawl I’ve got my Eye on You
45%
Ninjini Any Last Wishes
43%
Chill Stay Cool
43%
Eruptor Born to Burn
42%
Snap Shot Croc and Roll
42%
Bash Rock and Roll
41%
Tree Rex Be Afraid of the Bark
39%
Thumpback Hail to the Whale
39%
Voodood Axe First, Questions Later
38%
Bouncer Deal with the Wheel
36%
Wash Buckeler Eight Legs and No Pegs
36%
Hot Head Hey I’m on fire
36%
Pop Fizz Motion of the Potion
36%
Blast Zone Blast and Furious
35%
Drobot Blink and Destroy
35%
Jet-Vac Hawk and Awe
35%
Crusher It’s Crush Hour
35%
Chop Chop Slice and Dice
35%
Zap Ride the Lightning
34%
Shroomboom He Shoots, He Spores
32%
Flameslinger Let the Flames Begin
32%
Blastermind Mind over Matter
32%
Swarm Bring the Sting
31%
Camo Fruit Punch
31%
Prism Break The Beam is Supreme
31%
Whirlwind Twists of Fury
31%
Hex Fear the Dark
30%
Slam Bam Armed and Dangerous
28%
Flashwing Blinded by the Light
28%
Terrafin It’s Feeding Time
28%
Sunburn Roast and Toast
28%
Night Shift Roll with the Punch
28%
Bushwhack Axe to the Max
27%
Boom Jet Bombs Away
27%
Boomer Bring the Boom
27%
Hot Dog See Spot Burn
27%
Ignitor Slash and Burn
27%
Food Fight Eat This
26%
Fright Rider Fear the Spear
26%
Rattle Shake Go Ahead, Snake my Day
26%
Hoot Loop Let’s Ruffle Some Feathers
26%
Drill Sergeant Licensed to Drill
26%
Zook Locked and Loaded
26%
Lightning Rod One Strike and Your Out
26%
Lob-Star Star Bright, Star Fight
26%
Wham Shell Brace for the Mace
24%
Sonic Boom Full Scream Ahead
24%
Gusto Gusts and Glory
24%
King Pen Stay Frosty
24%
Cynder Volts and Lightning
24%
Kaos Behold my Catchphrase of Doom!
23%
Ka-Boom Boom Time
23%
Stink Bomb Clear the Air
23%
Jawbreaker Down for the Count
23%
Stump Smash Drop the Hammer
23%
Spy Rise It’s Classified
23%
Knight Light See The Light
23%
Dr. Krankcase The Doctor is in
23%
Wrecking Ball Wreck N-Roll
23%
Manga Charge Attract to Attack
22%
Chompy Mage Chompy Power
22%
Grilla Drilla If Theres a Drill, There’s a Way
22%
Ghost Roaster No Chain, No Gain
22%
Knight Mare No Where to Hide
22%
Gearshift All Geared Up
20%
Grave Clobber A Watery Grave Awaits
20%
Double Trouble Boom Shock-A-Lacka
20%
Fire Kraken Born to be Wild
20%
Deja Vu Did that just Happen
20%
Rip Tide Go Fish
20%
Wallop Hammer it Home
20%
Tae Kwon Crow Who Dares Face Me?
20%
Chopper Dino Might
19%
Golden Queen I Reign Supreme
19%
Freeze Blade Keeping it Cool
19%
Astroblast Ready Set Glow
19%
Star Strike Shoot for the Stars
19%
Pain-Yatta So Long Sucker
19%
Mysticat The Master of Mystery
19%
Hood Sickle Any Last Words?
18%
Wildfire Bringing the Heat
18%
Chopscotch Chop Till’ you Drop
18%
Dino-Rang Come Rang or Shine
18%
Short Cut Cut to the Chase
18%
Warnado For the Wind
18%
Spitfire Fuel the Fire
18%
Countdown I’m the Bomb
18%
Wolfgang Let There Be Rock
18%
Enigma Out of Sight
18%
Grim Creeper Your Time is Up
18%
Rubble Rouser Brace for Impact
16%
Fryno Crash and Burn
16%
Tuff Luck Deal with It
16%
Trap Shadow Hide and Sleek
16%
Tidepool In a League of my Own
16%
Fiesta It’s Party Time
16%
Roller Brawl Let’s Roll
16%
Doom Stone Another Smash Hit
15%
Slobber Tooth Clobber and Slobber
15%
Blackout Darkness Falls
15%
Krypt King I’ve got the Edge
15%
Blades Looking Sharp
15%
Zoo Lou Nature Calls
15%
Head Rush Taking Charge
15%
Free Ranger Whip up a Storm
15%
Punk Shock Amp it Up
14%
High Five Buzz Off
14%
Stormblade Feather the Storm
14%
Air Strike Fight and Flight
14%
Torch Fire it Up
14%
Scorp King of the Sting
14%
Dive Clops Look Out Below
14%
Pop Thorn Straight to the Point
14%
Pit Boss The Scales of Justice
14%
Bad JuJu The Spirit is Willing
14%
Tread Head Tread and Shred
14%
Thunderbolt A Storm is Coming
12%
Dune Bug Can’t Beat the Beetle
12%
Sprocket Fix is in
12%
Barbella It’s Crunch Time
12%
Smash Hit Let’s Rock
12%
Fling Kong Monkey See, Monkey Doom
12%
High Volt Protect and Surge
12%
Splat The Art of War
12%
Scratch The Luck of the Claw
12%
Trail Blazer The Mane Event
12%
Chain Reaction The Saw is Law
12%
Aurora The Speed of Light
12%
Smolderdash A Blaze of Glory
11%
Thrillipede All Hands on Deck
11%
Cobra Cadabra Charmed and Ready
11%
Funny Bone I’ve Got a Bone to Pick
11%
Fist Bump Knock Knock, Too Late
11%
Bat Spin No Rest for the Wicked
11%
Boom Bloom Rooting Out Evil
11%
Wild Storm The Roar of Thunder
11%
Spotlight Time To Shine
11%
Starcast A Shot in the Dark
9%
Tri-Tip Face the Mace
9%
Ember Fan The Flames
9%
Flare Wolf Ready To Rocket
9%
Bumble Blast The Perfect Swarm
9%
Wind Up I’m all Wound Up
8%
Nightfall Dark And Dangerous
7%
Buckshot Quiver with Fear
7%
Rocky Roll Roll With It
7%
Blaster-Tron Target Aquired
3%
Ro-Bow Reboot and Shoot
1%
Ambush Read em’ and Weep
0%
No matching quizzes found
Score Distribution
Percent of People with Each Score
Percentile by Number Answered
Your Score History
You have not taken this quiz since the last reset